لمسوں کی خوشبو / (Record no. 193760)

MARC details
000 -LEADER
fixed length control field 00700nam a22002057a 4500
005 - DATE AND TIME OF LATEST TRANSACTION
control field 20221115122238.0
010 ## - LCCN (DPL NO)
LC control number UR-11769
020 ## - INTERNATIONAL STANDARD BOOK NUMBER
International Standard Book Number 9789390533596
Terms of availability 200.00
035 ## - SYSTEM CONTROL NUMBER
System control number U-10324
037 ## - SOURCE OF ACQUISITION
Source of stock number/acquisition DBAD/PUB
Stock number -
082 ## - DEWEY DECIMAL CLASSIFICATION NUMBER
Classification number 841
100 ## - MAIN ENTRY--PERSONAL NAME
Personal name انور آفاقی
245 ## - TITLE STATEMENT
Title لمسوں کی خوشبو /
Statement of responsibility, etc انور آفاقی
Medium ا ر د و
246 ## - VARYING FORM OF TITLE
Title proper/short title Fragrance of palpability /
Remainder of title by Anwar Afaqi ; tr. by Mahmood Ahmad Karimi
260 ## - PUBLICATION, DISTRIBUTION, ETC. (IMPRINT)
Place of publication, distribution, etc New Delhi
Name of publisher, distributor, etc Educational Publishing House
Date of publication, distribution, etc 2020 ء
270 ## - ADDRESS
Address H.O. D1/16, Ansari Road, Daryaganj
City New Delhi
Postal code 110002
300 ## - PHYSICAL DESCRIPTION
Extent 80 ص
Dimensions 22cm(pbk)
700 ## - ADDED ENTRY--PERSONAL NAME
Personal name محمود احمد کریمی
942 ## - ADDED ENTRY ELEMENTS (KOHA)
Source of classification or shelving scheme Dewey Decimal Classification
Item type Urdu Bks
Classification part 841
Call number suffix ا ن و
Holdings
Withdrawn status Lost status Not for loan Collection code Home library Current library Date acquired Source of acquisition Cost, normal purchase price Full call number Barcode Copy number Cost, replacement price Koha item type
      Non-fiction Central Library Central Library 15/11/2022 DBAD/PUB 200.00 841 ا ن و U-10324 1 200.00 Urdu Bks

© Delhi Public Library
Hit Counter
free hit counter